LEADER 00935nam0-22003251i-450- 001 990008492580403321 005 20070626111304.0 010 $a0631168648 035 $a000849258 035 $aFED01000849258 035 $a(Aleph)000849258FED01 035 $a000849258 100 $a20070327d1994----km-y0itay50------ba 101 0 $aeng 102 $aGB 105 $ay-------001yy 200 1 $aMarriage and the English Reformation$fEric Josef Carlson 210 $aOxford Cambridge$cBlackwell$d1994 215 $aXI, 276 p.$d24 cm 225 1 $aFamily, sexuality and social relations in past times 676 $a306.810942$v19$zita 676 $a306.810942$v20$zita 700 1$aCarlson,$bEric Josef$0302088 801 0$aIT$bUNINA$gRICA$2UNIMARC 901 $aBK 912 $a990008492580403321 952 $aSDI-B2 203$b4068$fSDI 959 $aSDI 996 $aMarriage and the English Reformation$9731354 997 $aUNINA LEADER 00747nam0-22002771i-450- 001 990003945060403321 035 $a000394506 035 $aFED01000394506 035 $a(Aleph)000394506FED01 035 $a000394506 100 $a20030306d1931----km-y0itay50------ba 101 0 $aita 102 $aIT 200 1 $aDottrina del valore$elezioni di economia ipostatica$fEmanuele Sella 210 $aPadova$cCedam$d1931 215 $axv, 270 p.$d24 cm 454 1$1001$12001 610 0 $aValore 700 1$aSella,$bEmanuele$f<1879-1946>$075698 801 0$aIT$bUNINA$gRICA$2UNIMARC 901 $aBK 912 $a990003945060403321 952 $aI/1.1 SEL$b9255/RI$fSES 959 $aSES 996 $aDottrina del valore$9510986 997 $aUNINA